000 01252cam a2200349 i 4500
003 EG-ScBUE
005 20241015091022.0
008 101223t2012 maua f b 001 0 eng d
020 _a9780321758194
020 _a0321758196
040 _aStDuBDS
_beng
_erda
_cStDuBDS
_dUk
_dEG-ScBUE
082 0 4 _a515.35
_bNAG
_222
100 1 _aNagle, R. Kent,
_eauthor.
245 1 0 _aFundamentals of differential equations and boundary value problems /
_cR. Kent Nagle, Edward B. Saff, Vanderbilt University, Arthur David Snider, University of South Florida.
250 _aSixth edition.
250 _aInternational edition.
264 1 _aBoston :
_bPearson Education,
_c[2012]
264 4 _cc2012
300 _a1 volume (various pagings) :
_billustrations ;
_c26 cm
336 _2rdacontent
_atext
_btxt
337 _aunmediated
_2rdamedia
_bn
338 _avolume
_bnc
_2rdacarrier
504 _aIncludes bibliographical references and index.
650 7 _aDifferential equations.
_2BUEsh
_937976
650 7 _aBoundary value problems.
_2BUEsh
_918377
651 _2BUEsh
653 _bENGGEN
_cNovember2017
655 _vReading book
700 1 _aSaff, E. B.,
_d1944-
_eauthor.
700 1 _aSnider, Arthur David,
_d1940-
_eauthor.
942 _2ddc
_cBB
999 _c25682
_d25654